The law of evidence, [The Qanun-e-Shahadat, 1984] (Record no. 541201)
[ view plain ]
| 000 -LEADER | |
|---|---|
| fixed length control field | 00367nam a22001217a 4500 |
| 082 ## - DEWEY DECIMAL CLASSIFICATION NUMBER | |
| Classification number | 347.4106 MAH |
| 100 ## - MAIN ENTRY--PERSONAL NAME | |
| Personal name | M. Mahmood |
| 245 ## - TITLE STATEMENT | |
| Title | The law of evidence, [The Qanun-e-Shahadat, 1984] |
| Statement of responsibility, etc. | M. Mahmood and Jawad Mahmood Pasha |
| 260 ## - PUBLICATION, DISTRIBUTION, ETC. | |
| Place of publication, distribution, etc. | Lahore |
| Name of publisher, distributor, etc. | Al-Qanoon Publishers |
| 300 ## - PHYSICAL DESCRIPTION | |
| Extent | 1679p |
| 942 ## - ADDED ENTRY ELEMENTS (KOHA) | |
| Source of classification or shelving scheme | |
| Koha item type | Book |
| Withdrawn status | Lost status | Source of classification or shelving scheme | Damaged status | Not for loan | Permanent Location | Current Location | Date acquired | Total Checkouts | Total Renewals | Full call number | Barcode | Checked out | Date last seen | Date last checked out | Price effective from | Koha item type |
|---|---|---|---|---|---|---|---|---|---|---|---|---|---|---|---|---|
| NUST Law School (NLS) | NUST Law School (NLS) | 12/08/2020 | 3 | 3 | 347.4106 MAH | CL-473 | 10/10/2025 | 09/10/2025 | 09/10/2025 | 12/08/2020 | Book |
